Long - Wavelength Infrared Semiconductor Lasers (Record no. 609765)
[ view plain ]
| 000 -LEADER | |
|---|---|
| fixed length control field | 00330nam a22001217a 4500 |
| 020 ## - INTERNATIONAL STANDARD BOOK NUMBER | |
| International Standard Book Number | 0471392006 |
| 040 ## - CATALOGING SOURCE | |
| Transcribing agency | NUST |
| 082 ## - DEWEY DECIMAL CLASSIFICATION NUMBER | |
| Classification number | 621.366 |
| Author Mark | LON |
| 100 ## - MAIN ENTRY--PERSONAL NAME | |
| Personal name | CHOI ,Hong.K |
| 9 (RLIN) | 58925 |
| 245 ## - TITLE STATEMENT | |
| Title | Long - Wavelength Infrared Semiconductor Lasers |
| 650 ## - SUBJECT ADDED ENTRY--TOPICAL TERM | |
| Topical term or geographic name entry element | Long - Wavelength Infrared Semiconductor Lasers |
| 9 (RLIN) | 123634 |
| 942 ## - ADDED ENTRY ELEMENTS (KOHA) | |
| Source of classification or shelving scheme | |
| Koha item type | Book |
| Withdrawn status | Lost status | Source of classification or shelving scheme | Damaged status | Not for loan | Permanent Location | Current Location | Shelving location | Date acquired | Total Checkouts | Full call number | Barcode | Date last seen | Price effective from | Koha item type |
|---|---|---|---|---|---|---|---|---|---|---|---|---|---|---|
| College of Electrical & Mechanical Engineering (CEME) | College of Electrical & Mechanical Engineering (CEME) | Reference | 06/13/2024 | 621.366 LON | CEME- 43713 | 06/13/2024 | 06/13/2024 | Book |
